كبير وصغير / (رقم التسجيلة. 88554)
[ عرض عادي ]
| 000 -LEADER | |
|---|---|
| fixed length control field | 00636nam a22002297a 4500 |
| 005 - DATE AND TIME OF LATEST TRANSACTION | |
| control field | 20251108172805.0 |
| 008 - FIXED-LENGTH DATA ELEMENTS--GENERAL INFORMATION | |
| fixed length control field | 250721s2003 xx 000 0 ara d |
| 020 ## - INTERNATIONAL STANDARD BOOK NUMBER | |
| International Standard Book Number | 995343459x |
| 082 14 - DEWEY DECIMAL CLASSIFICATION NUMBER | |
| Classification number | ط/372.3/كبي |
| 100 1# - MAIN ENTRY--PERSONAL NAME | |
| Personal name | هاجر، عبدالسلام |
| 245 10 - TITLE STATEMENT | |
| Title | كبير وصغير / |
| 264 1# - PRODUCTION, PUBLICATION, DISTRIBUTION, MANUFACTURE, AND COPYRIGHT NOTICE | |
| Place of production, publication, distribution, manufacture | بيروت : |
| Name of producer, publisher, distributor, manufacturer | مؤسسة المعارف، |
| Date of production, publication, distribution, manufacture, or copyright notice | 2003. |
| 300 ## - PHYSICAL DESCRIPTION | |
| Extent | 29ص |
| 490 0# - SERIES STATEMENT | |
| Series statement | سلسلة اقرا عن |
| 650 17 - SUBJECT ADDED ENTRY--TOPICAL TERM | |
| Topical term or geographic name as entry element | التعلم |
| 650 17 - SUBJECT ADDED ENTRY--TOPICAL TERM | |
| Topical term or geographic name as entry element | الاطفال |
| 650 17 - SUBJECT ADDED ENTRY--TOPICAL TERM | |
| Topical term or geographic name as entry element | وسائل التدريس |
| 650 17 - SUBJECT ADDED ENTRY--TOPICAL TERM | |
| Topical term or geographic name as entry element | الشكل |
| 653 ## - INDEX TERM--UNCONTROLLED | |
| Uncontrolled term | مرحلة متوسطة (6-9سنة) |
| 942 ## - ADDED ENTRY ELEMENTS (KOHA) | |
| Source of classification or shelving scheme | Dewey Decimal Classification |
| Koha item type | كتب |
| حالة السحب | حالة الفقدان | مصدر التصنيف | حالة التلف | غير قابل للإعارة | المكتبة الرئيسية | المكتبة الحالية | موقع الرف | تاريخ التزويد | الرقم المتسلسل | Total Checkouts | رقم الإستدعاء | الباركود | تاريخ آخر ظهور | تاريخ الفاتورة | نوع المادة (كوها) |
|---|---|---|---|---|---|---|---|---|---|---|---|---|---|---|---|
| Dewey Decimal Classification | مكتبة أم المؤمنين للأطفال | مكتبة أم المؤمنين للأطفال | الأطفال | 28/07/2025 | 1059127 | ط/372.3/كبي | 1059127 | 28/07/2025 | 28/07/2025 | كتب | |||||
| Dewey Decimal Classification | مكتبة البراعم الواعدة | مكتبة البراعم الواعدة | الأطفال | 28/07/2025 | 1059130 | ط/372.3/كبي | 1059130 | 28/07/2025 | 28/07/2025 | كتب | |||||
| Dewey Decimal Classification | مكتبة الراية الهاشمية للأطفال | مكتبة الراية الهاشمية للأطفال | الأطفال | 28/07/2025 | 1059134 | ط/372.3/كبي | 1059134 | 28/07/2025 | 28/07/2025 | كتب | |||||
| Dewey Decimal Classification | مكتبة بدر الجديدة للأطفال | مكتبة بدر الجديدة للأطفال | الأطفال | 28/07/2025 | 1059136 | ط/372.3/كبي | 1059136 | 28/07/2025 | 28/07/2025 | كتب | |||||
| Dewey Decimal Classification | مكتبة بدر للأطفال | مكتبة بدر للأطفال | الأطفال | 09/08/2022 | 1059135 | ط/372.3/كبي | PLD00498557 | 28/07/2025 | 09/08/2022 | كتب | |||||
| Dewey Decimal Classification | مكتبةمؤتة | مكتبةمؤتة | الأطفال | 28/07/2025 | 1059131 | ط/372.3/كبي | 1059131 | 28/07/2025 | 28/07/2025 | كتب |